Rogue states : (Record no. 15661)

000 -LEADER
fixed length control field 01599nam a2200205 a 4500
001 - CONTROL NUMBER
control field ASIN0745317081
005 - DATE AND TIME OF LATEST TRANSACTION
control field 20170105102923.0
008 - FIXED-LENGTH DATA ELEMENTS--GENERAL INFORMATION
fixed length control field 131209s2000 xxu eng d
020 ## - INTERNATIONAL STANDARD BOOK NUMBER
International Standard Book Number 0745317081 (paperback)
Terms of availability $100.00
020 ## - INTERNATIONAL STANDARD BOOK NUMBER
International Standard Book Number 9780745317083 (paperback)
040 ## - CATALOGING SOURCE
Original cataloging agency 0
100 1# - MAIN ENTRY--PERSONAL NAME
Personal name Chomsky, Noam.
245 10 - TITLE STATEMENT
Title Rogue states :
Remainder of title the rule of force in world affairs /
Statement of responsibility, etc. Noam Chomsky.
250 ## - EDITION STATEMENT
Edition statement 1st ed.
260 ## - PUBLICATION, DISTRIBUTION, ETC.
Place of publication, distribution, etc. [S.l.] :
Name of publisher, distributor, etc. Pluto Press,
Date of publication, distribution, etc. 2000.
300 ## - PHYSICAL DESCRIPTION
Extent 264 p. ;
Dimensions 22 cm.
520 ## - SUMMARY, ETC.
Summary, etc. Noam Chomsky argues that, contrary to popular perception, the real 'rogue' states in the world today are not the dictator-led developing countries we hear about in the news, but the United States and its allies. He challenges the legal and humanitarian reasons given to justify intervention in global conflicts in order to reveal the West's reliance on the rule of force. He examines NATO's intervention in Kosovo, the crisis in East Timor, and US involvement in the Middle East, Southeast Asia and Latin America. Chomsky relies on both historical context and recently released government documents to trace the paths of self-interest and domination that fuelled these violent regional conflicts. Throughout, he reveals the United States's increasingly open dismissal of the United Nations and international legal precedent in justifying its motives and actions. Characteristically incisive and provocative, Chomsky demonstrates that the rule of law has been reduced to farce.
856 40 - ELECTRONIC LOCATION AND ACCESS
Materials specified Amazon.com
Uniform Resource Identifier <a href="http://www.amazon.com/exec/obidos/ASIN/0745317081/chopaconline-20">http://www.amazon.com/exec/obidos/ASIN/0745317081/chopaconline-20</a>
942 ## - ADDED ENTRY ELEMENTS (KOHA)
Source of classification or shelving scheme
Koha item type Book
Holdings
Withdrawn status Lost status Damaged status Not for loan Collection code Permanent Location Current Location Shelving location Date acquired Total Checkouts Full call number Barcode Date last seen Price effective from Koha item type
          Centre for International Peace & Stability (CIPS) Centre for International Peace & Stability (CIPS) General Stacks 09/27/2013   341.62 CHO 2000 CIPS0001467 12/09/2013 12/09/2013 Book
© 2023 Central Library, National University of Sciences and Technology. All Rights Reserved.